000
00335nam a2200133Ia 4500
008
240624s9999 xx 000 0 und d
041
_a
eng
082
_a
954 PRA
100
_a
PRADHAN R D
245
_a
DRAGON S SHADOW OVER ARUNACHAL A CHALLEN
260
_c
2008
_a
New Delhi
_b
Rupa and Company
300
_a
212 : p.
365
_c
RS
_b
25
999
_c
17575
_d
17575